000 00804nam a2200193 i 4500
001 148628
003 ES-MaACL
005 20250802063115.0
007 t|
008 070214s1963 sp r ||||1| spa d
100 1 _aSuárez Fernández, Luis,
_d1924-2024
_9240112
245 1 0 _aMarxismo, existencialismo, cristianismo en la panorámica del cine actual:
_bconferencia leída por Luis Suárez Fernández... el día 9 de noviembre de 1963 en el acto de apertura de las actividades de la Sección de Cinematografía y Teatro en el curso académico 1963 a 1964.
260 _aSantander :
_bAteneo de Santander,
_c1963.
300 _a22 p. ;
_c24 cm.
650 4 _aCine-
_xFilosofía.
_9166914
710 2 _aAteneo de Santander.
_92024
852 _aES-MaACL
_j2043-F-26
999 _c148628
_d148628